| 000 | 00485pam a2200181 a 4500 | ||
|---|---|---|---|
| 020 |
_a8173810419 _c425.00 |
||
| 041 |
_aeng _hNULL |
||
| 082 |
_a618 _bDUT |
||
| 100 | _aDUTTA, D . | ||
| 245 |
_aTEXT BOOK OF GYNAECOLOGY : INCLUDING CONTRACEPTION / _cNULL. _hTextual Documents |
||
| 250 |
_a4 / _b. |
||
| 260 |
_aNULL : _bNEW CENTRAL BOOK AGENCY , _c2005. |
||
| 300 |
_a606 : _bxv ; _cA4 . |
||
| 365 | _a425.00 | ||
| 930 | _a615 | ||
| 999 |
_c795151 _d795151 |
||
| 650 | _aOBST.GYNE | ||